Journal of social and personal relationships

Na minha lista:
Detalhes bibliográficos
Formato: Periódico
Idioma:inglês
Publicado em: London SAGE Publ. 1998
Assuntos:
Tags: Adicionar Tag
Sem tags, seja o primeiro a adicionar uma tag!

MARC

LEADER 00000nas2a2200000 4500
001 s122322
005 20221221070902.4
022 |a 0265-4075 
041 0 |a eng 
044 |a GB 
245 1 0 |a Journal of social and personal relationships 
264 1 |a London  |b SAGE Publ.  |c 1998 
300 |a 2 zv. 
773 0 |w eu_un_cat*s120150 
610 2 0 |a správanie sociálne 
610 2 0 |a sociológia